000 00275nam a2200109Ia 4500
008 220204s9999 xx 000 0 und d
082 _a330.8
_bLEK
100 _aLEKACHMAN, R
245 0 _aHistory of economic ideas
260 _aDelhi
_bUniversal Book Stall
_c1967
942 _cBK
999 _c21197
_d21197